[Event "HUN-chT2 Barcza 1819"]
[Site "Hungary"]
[Date "2018.09.23"]
[Round "1.11"]
[White "Varga, Marcell1111"]
[Black "Kiss, Ferenc"]
[Result "0-1"]
[WhiteElo "1976"]
[BlackElo "1923"]
[PlyCount "118"]
[EventDate "2018.09.23"]
[EventType "team-tourn"]
[EventRounds "11"]
[EventCountry "HUN"]
[SourceTitle "CBM 189 Extra"]
[Source "ChessBase"]
[SourceDate "2019.06.03"]
[SourceVersion "1"]
[SourceVersionDate "2019.06.03"]
[SourceQuality "1"]
[WhiteTeam "Nyiregyhaza SISE"]
[BlackTeam "Hajduboszormeny"]
[WhiteTeamCountry "HUN"]
[BlackTeamCountry "HUN"]

1. e4 c5 2. Nc3 d6 3. g3 Nc6 4. d3 Nf6 5. Bg2 Bd7 6. Nge2 g6 7. h3 Bg7 8. 0-0 Qc8 9. Kh2 a6 10. a4 Rb8 11. Be3 h5 12. d4 cxd4 13. Nxd4 h4 14. g4 Ne5 15. Bg5 Nfxg4+ 16. hxg4 Nxg4+ 17. Kh1 h3 18. Bf3 Ne5 19. Be2 h2 20. f3 Nc4 21. Bxc4 Qxc4 22. Be3 e6 23. Qd3 Qc7 24. Rad1 Rd8 25. Rf2 Bc6 26. Nxc6 Qxc6 27. Bd4 Bxd4 28. Qxd4 Ke7 29. Rdd2 Rh3 30. Qe3 Rdh8 31. Rxh2 Qc4 32. Qd3 Qc5 33. Qf1 Qg5 34. Rde2 Qg3 35. Rxh3 Rxh3+ 36. Qxh3 Qxh3+ 37. Kg1 Qxf3 38. Rf2 Qg4+ 39. Kf1 Qg5 40. b3 Qe5 41. Rf3 b5 42. axb5 axb5 43. Re3 b4 44. Nd1 Qh2 45. Nf2 g5 46. c3 g4 47. Nxg4 Qf4+ 48. Ke1 Qxg4 49. cxb4 Qg5 50. Kd2 f5 51. exf5 Qxf5 52. Kc3 Kd7 53. Rd3 Qe5+ 54. Rd4 Kc6 55. Kc4 Qe2+ 56. Kc3 e5 57. Rc4+ Kd5 58. b5 Qe1+ 59. Kc2 Qa5 0-1

[Event "HUN-chT2 Barcza 1617"]
[Site "Hungary"]
[Date "2017.02.12"]
[Round "8.10"]
[White "Kiss, Ferenc"]
[Black "Demeter, Andras"]
[Result "1-0"]
[WhiteElo "1876"]
[BlackElo "1761"]
[PlyCount "65"]
[EventDate "2016.09.25"]
[EventType "team-tourn"]
[EventRounds "11"]
[EventCountry "HUN"]
[SourceTitle "EXT 2021"]
[Source "ChessBase"]
[SourceDate "2020.10.23"]
[SourceVersion "1"]
[SourceVersionDate "2020.10.23"]
[SourceQuality "1"]
[WhiteTeam "Hajduboszormeny"]
[BlackTeam "Edeleny"]
[WhiteTeamCountry "HUN"]
[BlackTeamCountry "HUN"]

1. e4 c5 2. Nf3 d6 3. d4 cxd4 4. Qxd4 Nc6 5. Bb5 Bd7 6. Bxc6 Bxc6 7. Nc3 Nf6 8. Bg5 e5 9. Qd3 h6 10. Bh4 g5 11. Bg3 Qa5 12. Nd2 a6 13. Nc4 Qc7 14. 0-0-0 0-0-0 15. Ne3 Qa5 16. Nc4 Qc7 17. f3 b5 18. Ne3 Kb7 19. Ncd5 Nxd5 20. Nxd5 Bxd5 21. Qxd5+ Kb8 22. Bxe5 Rc8 23. Bxd6 Bxd6 24. Qxd6 Qxd6 25. Rxd6 Kb7 26. Rhd1 Rh7 27. Rf6 Rc6 28. Rd7+ Kb6 29. Rfxf7 Rxf7 30. Rxf7 Kc5 31. Rf5+ Kd4 32. Kd2 Kc4 33. c3 1-0

[Event "HUN-chT2 Barcza 1617"]
[Site "Hungary"]
[Date "2016.10.09"]
[Round "2.9"]
[White "Kiss, Ferenc"]
[Black "Beres, Istvan1111"]
[Result "0-1"]
[WhiteElo "1876"]
[BlackElo "1822"]
[PlyCount "115"]
[EventDate "2016.09.25"]
[EventType "team-tourn"]
[EventRounds "11"]
[EventCountry "HUN"]
[SourceTitle "EXT 2021"]
[Source "ChessBase"]
[SourceDate "2020.10.23"]
[SourceVersion "1"]
[SourceVersionDate "2020.10.23"]
[SourceQuality "1"]
[WhiteTeam "Hajduboszormeny"]
[BlackTeam "Sajobabony"]
[WhiteTeamCountry "HUN"]
[BlackTeamCountry "HUN"]

1. e4 c5 2. Nf3 a6 3. d4 cxd4 4. Nxd4 e5 5. Nf3 Nf6 6. Nc3 Bb4 7. Bd3 d5 8. Nd2 d4 9. Ne2 Be6 10. a3 Ba5 11. 0-0 Nc6 12. b4 Bc7 13. Nb3 Bxb3 14. cxb3 0-0 15. Bg5 Qd6 16. Ng3 g6 17. f4 exf4 18. Bxf4 Ne5 19. Rc1 Nfg4 20. Rxc7 Qxc7 21. Qxg4 Qd7 22. Qe2 Nxd3 23. Qxd3 Rac8 24. Ne2 Qg4 25. h3 Qh5 26. Bd2 Rfd8 27. Nf4 Qe5 28. Nd5 f5 29. exf5 Qxd5 30. fxg6 h5 31. Rf5 Qe6 32. Rxh5 Rc7 33. Rh4 Qe5 34. Re4 Qb5 35. Qg3 Qb6 36. Qh4 Rg7 37. Re6 Qc7 38. Qe4 Qd7 39. Bg5 Rf8 40. Bh6 d3 41. Bd2 Qb5 42. h4 Rd7 43. g4 Qd5 44. h5 Qxb3 45. h6 Qd1+ 46. Be1 d2 47. Qc4 dxe1Q+ 48. Rxe1+ Qd5 49. h7+ Kh8 50. g7+ Kxg7 51. Qxd5 Rxd5 52. Re7+ Kh8 53. Kg2 Rd3 54. Rxb7 Rc8 55. Re7 Rc2+ 56. Kf1 Rd1+ 57. Re1 Rxe1+ 58. Kxe1 0-1

[Event "HUN-chT2 Barcza 1516"]
[Site "Hungary"]
[Date "2015.10.18"]
[Round "3.11"]
[White "Kiss, Ferenc"]
[Black "Gaal, Adam"]
[Result "1-0"]
[WhiteElo "1944"]
[BlackElo "1261"]
[PlyCount "57"]
[EventDate "2015.09.13"]
[EventType "team-tourn"]
[EventRounds "11"]
[EventCountry "HUN"]
[SourceTitle "CBM 170 Extra"]
[Source "ChessBase"]
[SourceDate "2016.02.25"]
[SourceVersion "1"]
[SourceVersionDate "2016.02.25"]
[SourceQuality "1"]
[WhiteTeam "Hajduboszormeny"]
[BlackTeam "SSASSE"]
[WhiteTeamCountry "HUN"]
[BlackTeamCountry "HUN"]

1. e4 c5 2. Nf3 Nc6 3. d4 e6 4. d5 exd5 5. exd5 Nb8 6. Nc3 d6 7. Bb5+ Nd7 8. 0-0 a6 9. Re1+ Ne7 10. Ne4 Qc7 11. Bf4 Qb6 12. Nxd6+ Kd8 13. Nxf7+ Ke8 14. N3g5 axb5 15. Nd6+ Qxd6 16. Bxd6 Ra6 17. Bxe7 Bxe7 18. Qe2 Kd8 19. Ne6+ Rxe6 20. Qxe6 Re8 21. d6 Nf6 22. dxe7+ Kc7 23. Qe5+ Kc6 24. Rad1 Kb6 25. Rd6+ Ka7 26. Re3 b6 27. Rxf6 gxf6 28. Qc7+ Bb7 29. Ra3# 1-0

[Event "HUN-chT2 Barcza 1213"]
[Site "Hungary"]
[Date "2013.04.21"]
[Round "11.10"]
[White "Barnoth, Robert"]
[Black "Kiss, Ferenc"]
[Result "1/2-1/2"]
[WhiteElo "1704"]
[BlackElo "1933"]
[PlyCount "120"]
[EventDate "2012.09.16"]
[EventType "team-tourn"]
[EventRounds "11"]
[EventCountry "HUN"]
[SourceTitle "EXT 2014"]
[Source "ChessBase"]
[SourceDate "2013.11.20"]
[SourceVersion "1"]
[SourceVersionDate "2013.11.20"]
[SourceQuality "1"]
[WhiteTeam "Piremon"]
[BlackTeam "Hajduboszormeny"]
[WhiteTeamCountry "HUN"]
[BlackTeamCountry "HUN"]

1. e4 c5 2. Nc3 d6 3. d3 e6 4. g3 Nc6 5. Bg2 g6 6. Be3 Bg7 7. Qd2 Bd7 8. Nf3 Qb6 9. Rb1 a5 10. 0-0 h5 11. Rfe1 Bh6 12. Bxh6 Nxh6 13. Qf4 Nd4 14. Nxd4 cxd4 15. Ne2 e5 16. Qg5 Qd8 17. Qxd8+ Kxd8 18. c3 dxc3 19. bxc3 Kc7 20. d4 f6 21. f3 Nf7 22. Rec1 h4 23. d5 h3 24. Bf1 Ng5 25. Kf2 f5 26. Ke3 fxe4 27. fxe4 Raf8 28. Ng1 Bg4 29. Rc2 Nxe4 30. Rcb2 Nc5 31. Be2 Bf5 32. Rf1 Na4 33. Rb3 Bc2 34. Ra3 b6 35. Kd2 Rxf1 36. Bxf1 Rf8 37. Be2 Rf2 38. Kxc2 Nc5 39. c4 Rg2 40. g4 Rxg1 41. Rxh3 Rg2 42. Kd2 e4 43. Ke3 Nd3 44. Bxd3 exd3 45. Kxd3 Rxg4 46. Rg3 Rh4 47. h3 b5 48. cxb5 Kb6 49. Rxg6 Rxh3+ 50. Kc2 Kc5 51. b6 Rh7 52. Rg4 Kxd5 53. Rg5+ Kc6 54. Rxa5 Kxb6 55. Rd5 Kc6 56. Rd3 d5 57. a3 Rh4 58. Kb3 Kc5 59. Kc3 d4+ 60. Kb3 Rh1 1/2-1/2

[Event "HUN-chT2 Barcza 1213"]
[Site "Hungary"]
[Date "2013.04.07"]
[Round "10.10"]
[White "Kiss, Ferenc"]
[Black "Horvath, Kristof"]
[Result "1/2-1/2"]
[WhiteElo "1933"]
[BlackElo "1810"]
[PlyCount "99"]
[EventDate "2012.09.16"]
[EventType "team-tourn"]
[EventRounds "11"]
[EventCountry "HUN"]
[SourceTitle "EXT 2014"]
[Source "ChessBase"]
[SourceDate "2013.11.20"]
[SourceVersion "1"]
[SourceVersionDate "2013.11.20"]
[SourceQuality "1"]
[WhiteTeam "Hajduboszormeny"]
[BlackTeam "Miskolc EMSE"]
[WhiteTeamCountry "HUN"]
[BlackTeamCountry "HUN"]

1. e4 e5 2. Nf3 Nc6 3. d4 exd4 4. Nxd4 Nf6 5. Nc3 Bc5 6. Be3 Bb6 7. Nxc6 bxc6 8. Bxb6 axb6 9. Be2 d6 10. 0-0 0-0 11. Re1 Bb7 12. Bf3 Re8 13. Qd2 Re5 14. Re3 Qd7 15. Rae1 d5 16. exd5 Rxe3 17. fxe3 cxd5 18. a3 c5 19. Rd1 Rd8 20. h3 Qe7 21. Kf2 Qe5 22. Re1 Qg5 23. Rd1 Rd7 24. g3 Nh5 25. Ne2 Ba6 26. Bxh5 Qxh5 27. Nf4 Qf5 28. e4 Qf6 29. Kg1 d4 30. Nd5 Qf3 31. Nxb6 Be2 32. Qf4 Qxf4 33. gxf4 Bxd1 34. Nxd7 Bxc2 35. Nxc5 d3 36. Nxd3 Bxd3 37. e5 Kf8 38. Kf2 Ke7 39. Ke3 Bf1 40. h4 Kd7 41. Kd4 Kc6 42. b4 Kb5 43. Kd5 Bc4+ 44. Kd6 g6 45. Ke7 Be6 46. Kd6 Bb3 47. Kc7 Ka4 48. Kd6 Kb5 49. Kc7 h5 50. Kd6 1/2-1/2

[Event "HUN-chT2 Barcza 1213"]
[Site "Hungary"]
[Date "2013.02.17"]
[Round "7.10"]
[White "Kiss, Ferenc"]
[Black "Kassay, Lilla"]
[Result "1-0"]
[WhiteElo "1945"]
[BlackElo "1689"]
[PlyCount "97"]
[EventDate "2012.09.16"]
[EventType "team-tourn"]
[EventRounds "11"]
[EventCountry "HUN"]
[SourceTitle "EXT 2014"]
[Source "ChessBase"]
[SourceDate "2013.11.20"]
[SourceVersion "1"]
[SourceVersionDate "2013.11.20"]
[SourceQuality "1"]
[WhiteTeam "Hajduboszormeny"]
[BlackTeam "Miskolc Kisbocsok"]
[WhiteTeamCountry "HUN"]
[BlackTeamCountry "HUN"]

1. e4 c5 2. Nf3 d6 3. d4 cxd4 4. Qxd4 Nc6 5. Bb5 Bd7 6. Bxc6 Bxc6 7. Nc3 e6 8. Bg5 Qc7 9. 0-0-0 b5 10. Qe3 b4 11. Ne2 Rc8 12. Rd2 Qa5 13. Kb1 d5 14. Rhd1 Be7 15. Ned4 Bc5 16. Ne5 Bb7 17. Nd3 h6 18. Bh4 dxe4 19. Nxc5 Qxc5 20. Nxe6 fxe6 21. Qxc5 Rxc5 22. Rd8+ Kf7 23. R1d7+ Kg6 24. Rxb7 a5 25. Ra8 Rd5 26. Kc1 Rh5 27. Bg3 Kh7 28. Rbb8 Rd5 29. Re8 Rc5 30. b3 h5 31. Bf4 h4 32. Be3 Rc6 33. Rab8 Ra6 34. Kb2 Rd6 35. a3 Rc6 36. axb4 axb4 37. Bd2 Ra6 38. Bxb4 Rc6 39. Bd2 Rd6 40. Be3 Rc6 41. b4 Ra6 42. b5 Rd6 43. b6 Rd5 44. c4 Ra5 45. b7 Ra4 46. Kb3 Ra5 47. Rxg8 Rxg8 48. Rxg8 Kxg8 49. b8Q+ 1-0

[Event "HUN-chT2 Barcza 1213"]
[Site "Hungary"]
[Date "2012.11.04"]
[Round "3.10"]
[White "Kiss, Ferenc"]
[Black "Tamasi, Istvan"]
[Result "1-0"]
[WhiteElo "1945"]
[BlackElo "1753"]
[PlyCount "75"]
[EventDate "2012.09.16"]
[EventType "team-tourn"]
[EventRounds "11"]
[EventCountry "HUN"]
[SourceTitle "EXT 2014"]
[Source "ChessBase"]
[SourceDate "2013.11.20"]
[SourceVersion "1"]
[SourceVersionDate "2013.11.20"]
[SourceQuality "1"]
[WhiteTeam "Hajduboszormeny"]
[BlackTeam "Sajoszentpeter"]
[WhiteTeamCountry "HUN"]
[BlackTeamCountry "HUN"]

1. e4 c5 2. Nf3 d6 3. d4 cxd4 4. Qxd4 Nc6 5. Bb5 Bd7 6. Bxc6 Bxc6 7. Nc3 Nf6 8. Bg5 e5 9. Qd3 Be7 10. 0-0-0 Qc7 11. Bxf6 gxf6 12. Nh4 Rc8 13. Nf5 Rg8 14. g3 Rd8 15. Rd2 Rg5 16. Rhd1 a6 17. h4 Rg6 18. f3 b5 19. h5 Rg5 20. g4 b4 21. Nd5 Bxd5 22. Qxd5 a5 23. Qb3 Bf8 24. Rd5 Rxf5 25. gxf5 Bh6+ 26. Kb1 Ke7 27. Qa4 Be3 28. Qxa5 Qc4 29. Qb5 Qc7 30. Qxb4 Bc5 31. Qxc5 dxc5 32. Rxd8 Qc6 33. h6 c4 34. R1d7+ Qxd7 35. Rxd7+ Kxd7 36. b4 Kc6 37. Kb2 Kb5 38. Kc3 1-0

[Event "HUN-chT2 Barcza 1112 "]
[Site "Hungary"]
[Date "2012.03.11"]
[Round "7"]
[White "Sandor, Lajos"]
[Black "Kiss, Ferenc"]
[Result "0-1"]
[WhiteElo "1847"]
[BlackElo "1984"]
[PlyCount "92"]
[EventDate "2011.09.25"]
[EventType "team-tourn"]
[EventRounds "11"]
[EventCountry "HUN"]
[SourceTitle "EXT 2013"]
[Source "ChessBase"]
[SourceDate "2012.11.22"]
[SourceVersion "1"]
[SourceVersionDate "2012.11.22"]
[SourceQuality "1"]
[WhiteTeam "Tiszavasvar"]
[BlackTeam "Hajduboszormeny"]
[WhiteTeamCountry "HUN"]
[BlackTeamCountry "HUN"]

1. e4 c5 2. Nf3 Nc6 3. c4 d6 4. Be2 Nf6 5. Nc3 Bg4 6. h3 Bd7 7. 0-0 g6 8. d4 cxd4 9. Nxd4 Bg7 10. Be3 0-0 11. Qd2 Qc8 12. Kh2 Nxd4 13. Bxd4 a6 14. Rac1 Qd8 15. Be3 Bc6 16. Bf3 Nd7 17. Bh6 Ne5 18. Bxg7 Nxf3+ 19. gxf3 Kxg7 20. h4 f5 21. h5 f4 22. Rg1 b5 23. Rg4 Bd7 24. Rxf4 e5 25. h6+ Kg8 26. Rxf8+ Qxf8 27. Kg2 Qf6 28. Nd5 Qe6 29. Rh1 Rf8 30. cxb5 Bxb5 31. Nc7 Qf7 32. Qc3 Be2 33. Rh3 Qxa2 34. Qd2 Bxf3+ 35. Rxf3 Rxf3 36. Qxd6 Qf7 37. Qxe5 Qf6 38. Qc5 Qf8 39. Qd4 Qf6 40. e5 Rf4 41. Qc5 Qg5+ 42. Kf1 Qxh6 43. Nd5 Qh1+ 44. Ke2 Qe4+ 45. Qe3 Qc4+ 46. Qd3 Rxf2+ 0-1

[Event "HUN-chT2 Barcza 1112 "]
[Site "Hungary"]
[Date "2011.10.30"]
[Round "2"]
[White "Kiss, Ferenc"]
[Black "Vass, Laszlo"]
[Result "1-0"]
[WhiteElo "1984"]
[BlackElo "1789"]
[PlyCount "93"]
[EventDate "2011.09.25"]
[EventType "team-tourn"]
[EventRounds "11"]
[EventCountry "HUN"]
[SourceTitle "EXT 2013"]
[Source "ChessBase"]
[SourceDate "2012.11.22"]
[SourceVersion "1"]
[SourceVersionDate "2012.11.22"]
[SourceQuality "1"]
[WhiteTeam "Hajduboszormeny"]
[BlackTeam "Nadudvar"]
[WhiteTeamCountry "HUN"]
[BlackTeamCountry "HUN"]

1. e4 c5 2. Nf3 d6 3. d4 cxd4 4. Qxd4 a6 5. c4 Nc6 6. Qd2 Nf6 7. Nc3 e6 8. b3 Be7 9. Bb2 0-0 10. Rd1 Qc7 11. Bd3 h6 12. Bb1 b6 13. 0-0 Bb7 14. Nd4 Rad8 15. Qc2 Rd7 16. Nxc6 Qxc6 17. Nd5 e5 18. Qd3 Rfd8 19. Bxe5 Kf8 20. Bxf6 Bxf6 21. Qe3 b5 22. cxb5 Qxb5 23. Nxf6 gxf6 24. Qxh6+ Ke7 25. Qh7 Rf8 26. Qf5 Qb6 27. Rfe1 Rg8 28. h4 Rdd8 29. Re3 Rg6 30. g3 Rdg8 31. Kh2 Bc8 32. Qd5 Qc7 33. e5 fxe5 34. Bxg6 Rxg6 35. Qd3 Bb7 36. Qc3 Qd7 37. Rc1 Kd8 38. Qa5+ Ke8 39. Qc7 Re6 40. Qxd7+ Kxd7 41. Rec3 Be4 42. Rc7+ Ke8 43. Ra7 Kf8 44. Rxa6 d5 45. Rxe6 fxe6 46. Re1 Ke7 47. Rxe4 1-0

[Event "HUN-chT2 Barcza 1011"]
[Site "Hungary"]
[Date "2011.04.17"]
[Round "9.11"]
[White "Kiss, Ferenc"]
[Black "Kincses, Laszlo"]
[Result "1-0"]
[WhiteElo "1984"]
[BlackElo "1621"]
[PlyCount "83"]
[EventDate "2010.09.12"]
[EventType "team-tourn"]
[EventRounds "11"]
[EventCountry "HUN"]
[SourceTitle "EXT 2012"]
[Source "ChessBase"]
[SourceDate "2011.11.24"]
[SourceVersion "1"]
[SourceVersionDate "2011.11.24"]
[SourceQuality "1"]
[WhiteTeam "Hajduboszormeny"]
[BlackTeam "Kazincbarcika"]
[WhiteTeamCountry "HUN"]
[BlackTeamCountry "HUN"]

1. e4 d6 2. d4 g6 3. Nc3 c6 4. Be3 Bg7 5. Qd2 Nd7 6. 0-0-0 Nb6 7. f3 Bd7 8. Kb1 Qc7 9. Bd3 0-0-0 10. Nge2 h5 11. d5 c5 12. Nc1 Kb8 13. b3 a6 14. Rhe1 f6 15. h3 h4 16. f4 Nh6 17. e5 Bf5 18. Be4 fxe5 19. fxe5 Bxe4 20. Nxe4 Nf5 21. exd6 exd6 22. Ng5 Rde8 23. Ne6 Qf7 24. Nxg7 Qxg7 25. Bf4 Kc7 26. Qa5 Qd7 27. Qxc5+ Kb8 28. Qxb6 Re7 29. Nd3 Rhe8 30. Rxe7 Rxe7 31. Re1 Rxe1+ 32. Nxe1 Qe7 33. Nd3 g5 34. Bh2 Kc8 35. Qf2 Qe4 36. Qf3 Qxf3 37. gxf3 Kd7 38. f4 gxf4 39. Bxf4 Ke7 40. Bg5+ Kf7 41. Nf4 Kg7 42. Kb2 1-0

[Event "HUN-chT2 Maroczy 0809"]
[Site "Hungary"]
[Date "2008.11.30"]
[Round "3"]
[White "Kiss, Ferenc"]
[Black "Neugebauer, Simon"]
[Result "0-1"]
[WhiteElo "2095"]
[BlackElo "2179"]
[PlyCount "74"]
[EventDate "2008.10.26"]
[EventType "team-tourn"]
[EventRounds "11"]
[EventCountry "HUN"]
[SourceTitle "EXT 2010"]
[Source "ChessBase"]
[SourceDate "2010.11.25"]
[SourceVersion "1"]
[SourceVersionDate "2010.11.25"]
[SourceQuality "1"]
[WhiteTeam "Hajduboszormeny"]
[BlackTeam "Munkacs"]
[WhiteTeamCountry "HUN"]
[BlackTeamCountry "HUN"]

1. e4 c5 2. Nf3 Nc6 3. d4 cxd4 4. Nxd4 Nf6 5. Nc3 e5 6. Ndb5 d6 7. Nd5 Nxd5 8. exd5 Nb8 9. c4 Be7 10. c5 0-0 11. Bc4 a6 12. cxd6 Bxd6 13. Nxd6 Qxd6 14. 0-0 b5 15. Bb3 Bb7 16. Be3 Nd7 17. Rc1 Rac8 18. Rxc8 Rxc8 19. f4 e4 20. Qb1 Nc5 21. Rd1 Nd3 22. Bc2 Qxd5 23. Rd2 Rd8 24. Bb3 Qd7 25. Bc2 Qf5 26. h3 h5 27. Qd1 Bc8 28. Qe2 Rd6 29. Bf2 Nxf4 30. Qd1 Nxh3+ 31. gxh3 Rg6+ 32. Kf1 Qxh3+ 33. Ke1 Qh1+ 34. Ke2 Bg4+ 35. Ke3 Qh3+ 36. Kd4 Bxd1 37. Bxd1 Rd6+ 0-1

[Event "HUN-chT2 Erkel 0607"]
[Site "Hungary"]
[Date "2007.03.25"]
[Round "7"]
[White "Veres, Istvan"]
[Black "Kiss, Ferenc"]
[Result "0-1"]
[WhiteElo "2082"]
[BlackElo "2134"]
[PlyCount "62"]
[EventDate "2006.11.12"]
[EventType "team"]
[EventRounds "11"]
[EventCountry "HUN"]
[SourceTitle "EXT 2008"]
[Source "ChessBase"]
[SourceDate "2007.11.25"]
[SourceVersion "1"]
[SourceVersionDate "2007.11.25"]
[SourceQuality "1"]
[WhiteTeam "Vaci"]
[BlackTeam "Dunaharaszti II"]
[WhiteTeamCountry "HUN"]
[BlackTeamCountry "HUN"]

1. e4 c5 2. Nf3 Nc6 3. d4 cxd4 4. Nxd4 Nf6 5. Nc3 d6 6. Bc4 e5 7. Nb3 a6 8. a4 Be7 9. a5 0-0 10. Be3 Be6 11. Bd5 Qc8 12. Ra4 Qd7 13. 0-0 Rac8 14. Kh1 Bxd5 15. exd5 Nd4 16. Rb4 Nxb3 17. cxb3 Bd8 18. Bb6 Bxb6 19. Rxb6 Qc7 20. b4 Nd7 21. Na4 f5 22. h3 Rf6 23. b3 Rg6 24. Qf3 Rf8 25. Qe3 Rc8 26. b5 f4 27. Qd3 Qd8 28. Rxb7 axb5 29. Qxb5 Qg5 30. Rg1 Rc1 31. Rb8+ Nf8 0-1

[Event "HUN-chT2 Erkel 0506"]
[Site "Hungary"]
[Date "2006.03.19"]
[Round "9"]
[White "Kanya, Zoltan"]
[Black "Kiss, Ferenc"]
[Result "1/2-1/2"]
[WhiteElo "2060"]
[BlackElo "2134"]
[PlyCount "39"]
[EventDate "2005.10.16"]
[EventType "team"]
[EventRounds "11"]
[EventCountry "HUN"]
[SourceTitle "EXT 2009"]
[Source "ChessBase"]
[SourceDate "2008.11.26"]
[SourceVersion "1"]
[SourceVersionDate "2008.11.26"]
[SourceQuality "1"]
[WhiteTeam "Paszto"]
[BlackTeam "Dunaharaszti II"]
[WhiteTeamCountry "HUN"]
[BlackTeamCountry "HUN"]

1. e4 c5 2. Nf3 Nc6 3. Nc3 d6 4. Bc4 e6 5. 0-0 Nf6 6. d4 cxd4 7. Nxd4 Be7 8. Be3 0-0 9. f4 e5 10. Nxc6 bxc6 11. Kh1 Ng4 12. Bg1 exf4 13. Rxf4 Ne5 14. Bb3 Bg5 15. Rf1 Bg4 16. Qe1 Bh4 17. Qe3 Bg5 18. Qe1 Bh4 19. Qe3 Bg5 20. Qe1 1/2-1/2

[Event "HUN-chT2 Erkel 0506"]
[Site "Hungary"]
[Date "2006.01.22"]
[Round "6"]
[White "Nagy, Karoly"]
[Black "Kiss, Ferenc"]
[Result "1-0"]
[WhiteElo "2157"]
[BlackElo "2134"]
[PlyCount "75"]
[EventDate "2005.10.16"]
[EventType "team"]
[EventRounds "11"]
[EventCountry "HUN"]
[SourceTitle "EXT 2009"]
[Source "ChessBase"]
[SourceDate "2008.11.26"]
[SourceVersion "1"]
[SourceVersionDate "2008.11.26"]
[SourceQuality "1"]
[WhiteTeam "Szekuritas"]
[BlackTeam "Dunaharaszti II"]
[WhiteTeamCountry "HUN"]
[BlackTeamCountry "HUN"]

1. e4 c5 2. c4 Nc6 3. Ne2 Nf6 4. Nbc3 d6 5. d4 cxd4 6. Nxd4 Qa5 7. Nb3 Qd8 8. Be2 g6 9. g4 Bg7 10. g5 Nd7 11. h4 Na5 12. Be3 Ne5 13. Nd2 Be6 14. Nd5 Qd7 15. b4 Nac6 16. b5 Bxd5 17. cxd5 Nb4 18. Rb1 Nbd3+ 19. Kf1 0-0 20. f4 f6 21. fxe5 fxe5+ 22. Kg2 Nf4+ 23. Kg3 Rac8 24. Bg4 e6 25. dxe6 Qe7 26. Qb3 h5 27. gxh6 Bxh6 28. Rbc1 g5 29. h5 Kg7 30. Bxa7 Qf6 31. Be3 Rc5 32. Rxc5 dxc5 33. Nc4 Nxe6 34. Nd6 Nd4 35. Nf5+ Kh7 36. Bxd4 exd4 37. Qd5 Rf7 38. e5 1-0

[Event "HUN-chT2 Erkel 0506"]
[Site "Hungary"]
[Date "2005.12.04"]
[Round "5"]
[White "Kiss, Ferenc"]
[Black "Hevesi, Zoltan"]
[Result "1/2-1/2"]
[WhiteElo "2134"]
[BlackElo "2187"]
[PlyCount "26"]
[EventDate "2005.10.16"]
[EventType "team"]
[EventRounds "11"]
[EventCountry "HUN"]
[SourceTitle "EXT 2009"]
[Source "ChessBase"]
[SourceDate "2008.11.26"]
[SourceVersion "1"]
[SourceVersionDate "2008.11.26"]
[SourceQuality "1"]
[WhiteTeam "Dunaharaszti II"]
[BlackTeam "Fuzesabony"]
[WhiteTeamCountry "HUN"]
[BlackTeamCountry "HUN"]

1. e4 c6 2. d4 d5 3. Nd2 dxe4 4. Nxe4 Bf5 5. Ng3 Bg6 6. Bc4 e6 7. N1e2 Nf6 8. Nf4 Bd6 9. Nxg6 hxg6 10. 0-0 Qe7 11. Qf3 Nbd7 12. h3 0-0-0 13. c3 Rdf8 1/2-1/2

[Event "HUN-chT2 Breyer 0405"]
[Site "Hungary"]
[Date "2005.03.06"]
[Round "9"]
[White "Banhazi, Istvan"]
[Black "Kiss, Ferenc"]
[Result "0-1"]
[WhiteElo "2098"]
[BlackElo "2115"]
[PlyCount "56"]
[EventDate "2004.09.26"]
[EventType "team"]
[EventRounds "11"]
[EventCountry "HUN"]
[SourceTitle "EXT 2009"]
[Source "ChessBase"]
[SourceDate "2008.11.26"]
[SourceVersion "1"]
[SourceVersionDate "2008.11.26"]
[SourceQuality "1"]
[WhiteTeam "MAFC"]
[BlackTeam "Dunaharaszti II"]
[WhiteTeamCountry "HUN"]
[BlackTeamCountry "HUN"]

1. d4 d5 2. c4 e6 3. Nc3 Nf6 4. e3 c6 5. Nf3 Nbd7 6. Qc2 Be7 7. g4 dxc4 8. Bxc4 Nb6 9. Be2 Nfd5 10. e4 Nxc3 11. bxc3 0-0 12. g5 c5 13. a4 cxd4 14. a5 Nd7 15. cxd4 b6 16. Qc6 Rb8 17. a6 b5 18. Bxb5 Bb4+ 19. Ke2 Nb6 20. Bd3 Bd7 21. Qc2 Qe7 22. Bd2 Rfc8 23. Qa2 Bxd2 24. Kxd2 Qb4+ 25. Ke3 Rc3 26. Ne5 Qe7 27. Nxd7 Qxd7 28. Qa5 Nc4+ 0-1

[Event "HUN-chT2 Toth 0405"]
[Site "Hungary"]
[Date "2005.02.06"]
[Round "7"]
[White "Kiss, Ferenc"]
[Black "Csibor, Andras"]
[Result "1/2-1/2"]
[WhiteElo "2115"]
[BlackElo "2090"]
[PlyCount "89"]
[EventDate "2004.09.26"]
[EventType "team"]
[EventRounds "11"]
[EventCountry "HUN"]
[SourceTitle "EXT 2009"]
[Source "ChessBase"]
[SourceDate "2008.11.26"]
[SourceVersion "1"]
[SourceVersionDate "2008.11.26"]
[SourceQuality "1"]
[WhiteTeam "Oroshaza"]
[BlackTeam "Mako II"]
[WhiteTeamCountry "HUN"]
[BlackTeamCountry "HUN"]

1. e4 e6 2. d4 d5 3. exd5 exd5 4. Nf3 Nf6 5. Bd3 Bd6 6. 0-0 0-0 7. Bg5 h6 8. Bh4 g5 9. Bg3 Bxg3 10. fxg3 Bg4 11. Nbd2 Nc6 12. c3 Qd6 13. Qc2 Rae8 14. Rae1 Rxe1 15. Rxe1 Re8 16. Rxe8+ Nxe8 17. Bf5 Bxf5 18. Qxf5 Qe6 19. Qxe6 fxe6 20. Nb3 b6 21. Nc1 Nd6 22. Kf2 Kg7 23. Ke2 Kf6 24. g4 Nf7 25. Nd3 e5 26. dxe5+ Nfxe5 27. h3 Nxd3 28. Kxd3 Ne5+ 29. Kd4 Nxf3+ 30. gxf3 Ke6 31. b4 c6 32. a3 Kd6 33. Kd3 Ke5 34. Ke3 c5 35. b5 d4+ 36. cxd4+ cxd4+ 37. Kd3 Kd5 38. a4 Kc5 39. f4 gxf4 40. h4 Kd5 41. g5 h5 42. g6 Ke6 43. Kxd4 Kf6 44. Ke4 Kxg6 45. Kxf4 1/2-1/2

[Event "HUN-chT2 Toth 0405"]
[Site "Hungary"]
[Date "2004.12.19"]
[Round "5"]
[White "Kiss, Ferenc"]
[Black "Bartos, Tamas"]
[Result "0-1"]
[WhiteElo "2115"]
[BlackElo "2043"]
[PlyCount "60"]
[EventDate "2004.09.26"]
[EventType "team"]
[EventRounds "11"]
[EventCountry "HUN"]
[SourceTitle "EXT 2009"]
[Source "ChessBase"]
[SourceDate "2008.11.26"]
[SourceVersion "1"]
[SourceVersionDate "2008.11.26"]
[SourceQuality "1"]
[WhiteTeam "Oroshaza"]
[BlackTeam "Maroczy"]
[WhiteTeamCountry "HUN"]
[BlackTeamCountry "HUN"]

1. e4 e6 2. d4 d5 3. exd5 exd5 4. Nf3 Bd6 5. Bd3 Nf6 6. Bg5 0-0 7. 0-0 c6 8. h3 h6 9. Bh4 Nbd7 10. Re1 Qc7 11. Nbd2 g5 12. Nxg5 hxg5 13. Bxg5 Bh2+ 14. Kh1 Bf4 15. Bh4 Kg7 16. Nf1 Rh8 17. Bg3 Bxg3 18. Nxg3 Nf8 19. Re5 Ng6 20. Nh5+ Rxh5 21. Rxh5 Nxh5 22. Qxh5 Bd7 23. Bxg6 fxg6 24. Qe5+ Qxe5 25. dxe5 g5 26. Kh2 Re8 27. Re1 c5 28. c3 Bf5 29. f3 d4 30. g4 Bc2 0-1